[Event "Tournoi des Jeunes Maitres"]
[Site "?"]
[Date "2010.08.13"]
[Round "6"]
[White "Fabre, Mathias"]
[Black "Meszaros, Gyula"]
[Result "1/2-1/2"]
[WhiteElo "2097"]
[BlackElo "2437"]
[PlyCount "50"]
[EventDate "2010.08.09"]
[SourceDate "2010.08.13"]

1. d4 Nf6 2. c4 Nc6 3. Nf3 e6 4. a3 d6 5. Nc3 g6 6. e4 Bg7 7. h3 O-O 8. Be3 Re8
9. Bd3 Nd7 10. Be2 e5 11. O-O exd4 12. Nxd4 Nf6 13. Nxc6 bxc6 14. Bd3 c5 15.
Qc2 Rb8 16. Rab1 Nh5 17. b4 Qh4 18. Ne2 Bxh3 19. gxh3 Qxh3 20. f3 g5 21. Kf2 g4
22. fxg4 Qh4+ 23. Kf3 Qh3+ 24. Kf2 Qh4+ 25. Kf3 Qh3+ 1/2-1/2

[Event "Tournoi des Jeunes Maitres"]
[Site "?"]
[Date "2010.08.13"]
[Round "6"]
[White "Bertola, Numa"]
[Black "Hajnal, Zoltan"]
[Result "0-1"]
[WhiteElo "2017"]
[BlackElo "2397"]
[PlyCount "58"]
[EventDate "2010.08.09"]
[SourceDate "2010.08.13"]

1. e4 e5 2. Nf3 Nc6 3. Bb5 a6 4. Ba4 Nf6 5. O-O Be7 6. d3 b5 7. Bb3 d6 8. a4 b4
9. Nbd2 O-O 10. h3 Na5 11. Ba2 Be6 12. Bxe6 fxe6 13. c3 Rb8 14. d4 bxc3 15.
bxc3 exd4 16. cxd4 d5 17. Ng5 Qd7 18. e5 Ne4 19. Ngxe4 dxe4 20. Nxe4 Nb3 21.
Rb1 Nxd4 22. Bg5 Rbd8 23. Qg4 Bxg5 24. Nxg5 Rf4 25. Qd1 Qe7 26. Qh5 h6 27. Nf3
Nxf3+ 28. gxf3 Rf5 29. Qg4 Rg5 0-1

[Event "Tournoi des Jeunes Maitres"]
[Site "?"]
[Date "2010.08.13"]
[Round "6"]
[White "Stoeri, Simon"]
[Black "Peric, Slavisa"]
[Result "1-0"]
[WhiteElo "2058"]
[BlackElo "2215"]
[PlyCount "61"]
[EventDate "2010.08.09"]
[SourceDate "2010.08.13"]

1. e4 e6 2. d4 d5 3. Nd2 h6 4. Ngf3 Nf6 5. e5 Nfd7 6. Bd3 b6 7. Qe2 c5 8. c3 a5
9. O-O Be7 10. Re1 Ba6 11. Bxa6 Nxa6 12. Nf1 c4 13. Ng3 b5 14. Nh5 g6 15. Nf4
Nb6 16. g3 b4 17. h4 g5 18. Ng2 Kd7 19. Rb1 Nc7 20. Bd2 Rg8 21. hxg5 hxg5 22.
b3 Qf8 23. Ne3 bxc3 24. Bxc3 Nb5 25. Rec1 Na3 26. bxc4 Na4 27. cxd5 Nxc3 28.
Rxc3 Nxb1 29. Qb5+ Kd8 30. Qb6+ Ke8 31. Qc6+ 1-0

[Event "Tournoi des Jeunes Maitres"]
[Site "?"]
[Date "2010.08.13"]
[Round "6"]
[White "de Seroux, Camille"]
[Black "Dovzik, Juri"]
[Result "1/2-1/2"]
[WhiteElo "2008"]
[BlackElo "2381"]
[PlyCount "122"]
[EventDate "2010.08.09"]
[SourceDate "2010.08.13"]

1. e4 c6 2. d4 Na6 3. c3 Nc7 4. Bd3 d6 5. f4 d5 6. e5 g6 7. h3 h5 8. Nf3 Nh6 9.
Nh4 Nf5 10. Nxf5 Bxf5 11. Bxf5 gxf5 12. Nd2 e6 13. Nf3 Qd7 14. Be3 Be7 15. Bf2
O-O-O 16. Bh4 Bxh4+ 17. Nxh4 Rdg8 18. Qe2 Qe7 19. Nf3 Rh6 20. O-O-O f6 21. Rhf1
fxe5 22. fxe5 Rhg6 23. Rf2 Qg7 24. Rd2 Qh6 25. Kb1 Rg3 26. Ne1 Na8 27. Rd3 R3g6
28. Rdf3 Nb6 29. b3 Nd7 30. Nd3 h4 31. Nf4 Rg3 32. Qb2 Rxf3 33. Rxf3 a6 34. Qa3
Qf8 35. Qxf8+ Nxf8 36. Kc2 Kd7 37. Rf2 Nh7 38. Kd3 Ng5 39. Nh5 Ne4 40. Rf4 Rxg2
41. Rxh4 c5 42. Nf6+ Kc6 43. Rh8 Rg3+ 44. Ke2 Rxc3 45. Rc8+ Kb5 46. Nxe4 dxe4
47. d5 Rxh3 48. dxe6 Rh7 49. Rf8 Kc6 50. Rxf5 Re7 51. Ke3 Kd5 52. Rf7 Rxe6 53.
Rxb7 Kxe5 54. Rc7 Kd5 55. Rd7+ Kc6 56. Rh7 Kb5 57. Rh4 Kb4 58. Rxe4+ Rxe4+ 59.
Kxe4 Ka3 60. Kd5 Kxa2 61. Kxc5 Kxb3 1/2-1/2

[Event "Tournoi des Jeunes Maitres"]
[Site "?"]
[Date "2010.08.14"]
[Round "7"]
[White "Okhotnik, Vladimir"]
[Black "Stoeri, Simon"]
[Result "1-0"]
[WhiteElo "2467"]
[BlackElo "2058"]
[PlyCount "47"]
[EventDate "2010.08.09"]
[SourceDate "2010.08.14"]

1. d4 Nf6 2. Nf3 g6 3. Nc3 d5 4. Bf4 Bg7 5. e3 O-O 6. Be2 c6 7. Ne5 Nbd7 8. h4
Qb6 9. a3 Nxe5 10. Bxe5 Ne4 11. Nxe4 Bxe5 12. dxe5 dxe4 13. Qd4 Rd8 14. Qc3 Be6
15. Rd1 Rxd1+ 16. Kxd1 Rd8+ 17. Kc1 c5 18. h5 Qc6 19. f4 exf3 20. gxf3 b5 21.
Qa5 Rb8 22. Qxa7 Ra8 23. Qxe7 b4 24. hxg6 1-0

[Event "Tournoi des Jeunes Maitres"]
[Site "?"]
[Date "2010.08.14"]
[Round "7"]
[White "Dovzik, Juri"]
[Black "Bertola, Numa"]
[Result "1-0"]
[WhiteElo "2381"]
[BlackElo "2017"]
[PlyCount "51"]
[EventDate "2010.08.09"]
[SourceDate "2010.08.14"]

1. c4 Nf6 2. Nf3 e6 3. g3 d5 4. d4 c5 5. cxd5 exd5 6. Bg2 Nc6 7. O-O cxd4 8.
Nxd4 Be7 9. Nc3 O-O 10. b3 Bc5 11. Nxc6 bxc6 12. Bb2 Bf5 13. Rc1 Rc8 14. Na4
Bd6 15. Nc5 Qe7 16. Bd4 Ne4 17. Nxe4 Bxe4 18. Bxe4 dxe4 19. Rc4 c5 20. Be3 Rc7
21. Qd5 Re8 22. Rd1 Rd7 23. Qc6 f5 24. Bxc5 Red8 25. Rcd4 Rc7 26. Bxd6 1-0

[Event "Tournoi des Jeunes Maitres"]
[Site "?"]
[Date "2010.08.14"]
[Round "7"]
[White "Peric, Slavisa"]
[Black "Fabre, Mathias"]
[Result "1/2-1/2"]
[WhiteElo "2215"]
[BlackElo "2097"]
[PlyCount "114"]
[EventDate "2010.08.09"]
[SourceDate "2010.08.14"]

1. d4 Nf6 2. Nf3 g6 3. Nc3 d5 4. Bf4 c6 5. Qd2 Bg7 6. Bh6 O-O 7. Bxg7 Kxg7 8.
e3 Nbd7 9. O-O-O b5 10. Bd3 a5 11. Ne5 Nxe5 12. dxe5 Nd7 13. f4 Nc5 14. Ne2 b4
15. Nd4 Qb6 16. f5 Nxd3+ 17. Qxd3 c5 18. Qb5 Qc7 19. Qc6 Qxc6 20. Nxc6 Re8 21.
Nxe7 gxf5 22. Nxd5 Rxe5 23. Nb6 Rb8 24. Nc4 Re4 25. b3 Be6 26. Nxa5 Rxe3 27.
Rhe1 Rc3 28. Kb2 Rb6 29. Rd3 Rxd3 30. cxd3 Kf6 31. Rc1 Rb5 32. Nc4 Rb8 33. g3
Rd8 34. Na5 Rxd3 35. Rxc5 Rd5 36. Rxd5 Bxd5 37. Nc4 f4 38. gxf4 Be4 39. Ne3 Ke6
40. Nc2 Bxc2 41. Kxc2 Kf5 42. a4 bxa3 43. b4 Kxf4 44. Kb3 Ke4 45. Kxa3 f5 46.
b5 Kd5 47. Kb4 f4 48. Kc3 Kc5 49. Kd3 f3 50. Ke3 Kxb5 51. Kxf3 Kc5 52. Kf4 Kd6
53. Kg5 Ke7 54. Kh6 Kf6 55. h4 Kf5 56. h5 Kg4 57. Kxh7 Kxh5 1/2-1/2

[Event "Tournoi des Jeunes Maitres"]
[Site "?"]
[Date "2010.08.14"]
[Round "7"]
[White "Hajnal, Zoltan"]
[Black "Duport, Nicolas"]
[Result "1/2-1/2"]
[WhiteElo "2397"]
[BlackElo "2128"]
[PlyCount "76"]
[EventDate "2010.08.09"]
[SourceDate "2010.08.14"]

1. e4 Nf6 2. e5 Nd5 3. d4 d6 4. Nf3 g6 5. Bc4 Nb6 6. Bb3 Bg7 7. O-O O-O 8. h3
a5 9. a4 Na6 10. Be3 c5 11. dxc5 Nxc5 12. Nc3 Nxb3 13. cxb3 Be6 14. exd6 exd6
15. Nd4 Nd5 16. Nxe6 Nxe3 17. Nxd8 Nxd1 18. Raxd1 Rfxd8 19. Nb5 d5 20. Nc7 Rab8
21. Rxd5 Rxd5 22. Nxd5 b5 23. Ne7+ Kf8 24. Nc6 Rb6 25. Nxa5 bxa4 26. bxa4 Rxb2
27. Rd1 Bc3 28. Rd8+ Kg7 29. Nc6 Ra2 30. Rd7 Kf8 31. a5 Bxa5 32. Ne5 Ke8 33.
Rb7 Be1 34. Nxf7 Bxf2+ 35. Kh2 Ra7 36. Nd6+ Kf8 37. Rb8+ Kg7 38. Ne8+ Kf7
1/2-1/2

[Event "Tournoi des Jeunes Maitres"]
[Site "?"]
[Date "2010.08.14"]
[Round "7"]
[White "Meszaros, Gyula"]
[Black "de Seroux, Camille"]
[Result "1-0"]
[WhiteElo "2437"]
[BlackElo "2008"]
[PlyCount "103"]
[EventDate "2010.08.09"]
[SourceDate "2010.08.14"]

1. d4 Nf6 2. Nc3 d5 3. Bg5 Nbd7 4. Qd2 e6 5. f3 Be7 6. e4 O-O 7. e5 Ne8 8. Bxe7
Qxe7 9. f4 c5 10. Nf3 f6 11. Bb5 Nb6 12. dxc5 Qxc5 13. O-O-O Bd7 14. Bxd7 Nxd7
15. f5 Nxe5 16. fxe6 Nc7 17. Nxe5 fxe5 18. Qg5 Rae8 19. Qxe5 Rxe6 20. Qd4 Qxd4
21. Rxd4 Rf2 22. Rd2 Ref6 23. Nd1 Rf1 24. Rxf1 Rxf1 25. c3 Rh1 26. h3 Kf7 27.
Re2 Ne6 28. Kd2 Rg1 29. Rf2+ Ke8 30. Ne3 d4 31. cxd4 Nxd4 32. Kd3 Ne6 33. Nc4
Rxg2 34. Rxg2 Nf4+ 35. Ke4 Nxg2 36. Nd6+ Ke7 37. Nxb7 Kf6 38. b4 Nh4 39. Nd6
Ng6 40. Nb5 Ne7 41. Nxa7 Nf5 42. Nb5 g5 43. a4 h5 44. a5 Ne7 45. a6 Nc8 46. a7
Nb6 47. Nc7 Kf7 48. Nd5 Na8 49. b5 g4 50. h4 g3 51. Kf3 Ke6 52. b6 1-0

[Event "Tournoi des Jeunes Maitres"]
[Site "?"]
[Date "2010.08.15"]
[Round "8"]
[White "Fabre, Mathias"]
[Black "Okhotnik, Vladimir"]
[Result "0-1"]
[WhiteElo "2097"]
[BlackElo "2467"]
[PlyCount "48"]
[EventDate "2010.08.09"]
[SourceDate "2010.08.15"]

1. d4 d6 2. Nf3 f5 3. c4 Nf6 4. g3 e6 5. Bg2 Be7 6. O-O O-O 7. Qc2 a5 8. Nc3
Nc6 9. Rd1 Qe8 10. a3 e5 11. d5 Nb8 12. e4 Qh5 13. Bg5 fxe4 14. Nxe4 Bg4 15.
Rd3 Nxe4 16. Bxe7 Rxf3 17. Bxf3 Bxf3 18. Qa4 Na6 19. b4 Nac5 20. bxc5 Nxc5 21.
Qc2 Be4 22. Qd1 Qh3 23. Qf1 Qxf1+ 24. Rxf1 Bxd3 0-1

[Event "Tournoi des Jeunes Maitres"]
[Site "?"]
[Date "2010.08.15"]
[Round "?"]
[White "de Seroux, Camille"]
[Black "Peric, Slavisa"]
[Result "0-1"]
[WhiteElo "2008"]
[BlackElo "2215"]
[PlyCount "152"]
[EventDate "2006.11.23"]
[SourceDate "2010.08.15"]

1. e4 e6 2. d4 d5 3. Nd2 a6 4. Ngf3 c5 5. exd5 exd5 6. dxc5 Bxc5 7. Nb3 Bb6 8.
Qe2+ Ne7 9. Bg5 Nbc6 10. O-O-O O-O 11. Qd2 Bg4 12. h3 Bxf3 13. gxf3 a5 14. a4
Rc8 15. Kb1 Qd6 16. Rg1 Qb4 17. Qxb4 axb4 18. Rd2 f6 19. Be3 Bxe3 20. fxe3 Ne5
21. Nd4 g6 22. h4 N7c6 23. Nxc6 bxc6 24. Be2 f5 25. Rd4 Rb8 26. h5 Kg7 27. Ka2
Rfe8 28. hxg6 hxg6 29. Rgd1 Re7 30. Kb3 Reb7 31. a5 Nd7 32. Ka2 b3+ 33. cxb3
Rxb3 34. R1d2 Rxe3 35. Rc2 Reb3 36. a6 R3b6 37. Ra4 Ra8 38. Rc3 Ra7 39. Ra5 Kf6
40. Re3 Ra8 41. Kb1 g5 42. Kc2 Rab8 43. Ra2 c5 44. Rea3 Ke5 45. Ra5 Kd6 46. a7
Ra8 47. Ra1 Kc6 48. Rg1 Rb7 49. Ra6+ Kc7 50. Rxg5 Rbxa7 51. Rxa7+ Rxa7 52. Rxf5
Kd6 53. Rf7 c4 54. Kc3 Rc7 55. Rh7 Kc5 56. Rh5 Nb6 57. b3 cxb3 58. Kxb3 Kd4 59.
Rh6 Nd7 60. Rg6 Ne5 61. Rf6 Rc3+ 62. Kb2 Re3 63. Bd1 Kd3 64. Bb3 Re2+ 65. Ka3
d4 66. f4 Nd7 67. Rc6 Rf2 68. f5 Ne5 69. Rc5 Ng4 70. Be6 Ke3 71. Kb3 d3 72. Kc3
Rc2+ 73. Kb4 d2 74. Rd5 Rc1 75. f6 Nxf6 76. Re5+ Kd4 0-1

[Event "Tournoi des Jeunes Maitres"]
[Site "?"]
[Date "2010.08.15"]
[Round "8"]
[White "Duport, Nicolas"]
[Black "Dovzik, Juri"]
[Result "0-1"]
[WhiteElo "2128"]
[BlackElo "2381"]
[PlyCount "56"]
[EventDate "2010.08.09"]
[SourceDate "2010.08.15"]

1. d4 d5 2. c4 c6 3. Nc3 Nf6 4. e3 a6 5. Bd3 dxc4 6. Bxc4 e6 7. Nf3 c5 8. O-O
Nc6 9. a4 Be7 10. Qe2 O-O 11. Rd1 cxd4 12. exd4 Nb4 13. Ne5 Bd7 14. Bb3 Bc6 15.
Be3 Nfd5 16. Rac1 Rc8 17. Qg4 Kh8 18. Qh3 Nxe3 19. fxe3 Rc7 20. e4 Bg5 21. Ra1
Bf4 22. Nc4 Rd7 23. Qg4 Bc7 24. Ne2 f5 25. exf5 exf5 26. Qh3 Qf6 27. Ne3 Re7
28. d5 Bb6 0-1

[Event "Tournoi des Jeunes Maitres"]
[Site "?"]
[Date "2010.08.15"]
[Round "8"]
[White "Bertola, Numa"]
[Black "Meszaros, Gyula"]
[Result "0-1"]
[WhiteElo "2017"]
[BlackElo "2437"]
[PlyCount "92"]
[EventDate "2010.08.09"]
[SourceDate "2010.08.15"]

1. e4 e6 2. d4 d5 3. Nc3 Bb4 4. e5 c5 5. a3 Bxc3+ 6. bxc3 Qa5 7. Bd2 Qa4 8. Nf3
b6 9. Bd3 Ba6 10. O-O Ne7 11. Be3 Nd7 12. Bxa6 Qxa6 13. a4 Rc8 14. Bc1 O-O 15.
Ba3 Nc6 16. Qd3 Qxd3 17. cxd3 Rfe8 18. Rfc1 Na5 19. Rab1 c4 20. dxc4 Nxc4 21.
Rb3 Rc6 22. Kf1 f6 23. exf6 Nxf6 24. Ke2 Rec8 25. Ne5 Nxe5 26. dxe5 Ne4 27. Bb2
Rc4 28. Rb4 Kf7 29. f3 Nxc3+ 30. Rxc3 Rxc3 31. Bxc3 Rxc3 32. f4 Ra3 33. Kf2 h5
34. g3 Kg6 35. Kg2 Kf5 36. h3 Rc3 37. a5 Rc4 38. Rb3 h4 39. axb6 axb6 40. Rxb6
Rc2+ 41. Kf3 Rc3+ 42. Kg2 Rxg3+ 43. Kh2 d4 44. Rd6 d3 45. Rd4 g6 46. Ra4 Re3
0-1

[Event "Tournoi des Jeunes Maitres"]
[Site "?"]
[Date "2010.08.15"]
[Round "8"]
[White "Stoeri, Simon"]
[Black "Hajnal, Zoltan"]
[Result "0-1"]
[WhiteElo "2058"]
[BlackElo "2397"]
[PlyCount "126"]
[EventDate "2010.08.09"]
[SourceDate "2010.08.15"]

1. e4 e5 2. Nf3 Nc6 3. Bb5 a6 4. Ba4 Nf6 5. O-O Be7 6. Re1 b5 7. Bb3 d6 8. c3
O-O 9. h3 Re8 10. d4 h6 11. Nbd2 Bf8 12. Nf1 Bd7 13. Ng3 Na5 14. Bc2 c5 15. d5
Nc4 16. b3 Nb6 17. Be3 Qc7 18. Qd2 a5 19. Ne2 a4 20. g4 h5 21. g5 Nh7 22. Kh2
Qc8 23. Nfg1 h4 24. f4 exf4 25. Bxf4 f5 26. Nf3 fxe4 27. Nxh4 Qb7 28. c4 axb3
29. axb3 Rxa1 30. Rxa1 bxc4 31. Nc3 cxb3 32. Bxb3 Ra8 33. Rb1 Ra3 34. Bc2 Qa6
35. Bxe4 Qc4 36. Rc1 Na4 37. Bd3 Qb4 38. Bxh7+ Kxh7 39. g6+ Kg8 40. Qf2 Nxc3
41. Bd2 Be8 42. Rf1 Be7 43. Re1 Qd4 44. Qxd4 cxd4 45. Bxc3 dxc3 46. Rxe7 Kf8
47. Rc7 Ra2+ 48. Kg3 c2 49. Kg4 Bd7+ 50. Kg5 Bxh3 51. Nf5 c1=Q+ 52. Rxc1 Rg2+
53. Kh5 Bxf5 54. Rf1 Rxg6 55. Rxf5+ Rf6 56. Rg5 Kf7 57. Kg4 Rg6 58. Kf5 Rxg5+
59. Kxg5 g6 60. Kg4 Kf6 61. Kf4 g5+ 62. Kg4 Kg6 63. Kg3 Kf5 0-1

[Event "Tournoi des Jeunes Maitres"]
[Site "?"]
[Date "2010.08.16"]
[Round "9"]
[White "Peric, Slavisa"]
[Black "Bertola, Numa"]
[Result "1-0"]
[WhiteElo "2215"]
[BlackElo "2017"]
[PlyCount "37"]
[EventDate "2010.08.09"]
[SourceDate "2010.08.16"]

1. d4 Nf6 2. Nf3 e6 3. c4 b6 4. g3 Ba6 5. Nbd2 Bb4 6. Qc2 Bb7 7. Bg2 O-O 8. O-O
Bxd2 9. Bxd2 Be4 10. Qb3 d6 11. Rfd1 Nbd7 12. Qe3 c5 13. Bc3 cxd4 14. Rxd4 d5
15. cxd5 Bxd5 16. Ne5 Nxe5 17. Qxe5 Qb8 18. Qxf6 Qd8 19. Qe5 1-0

[Event "Tournoi des Jeunes Maitres"]
[Site "?"]
[Date "2010.08.16"]
[Round "9"]
[White "Hajnal, Zoltan"]
[Black "Fabre, Mathias"]
[Result "1-0"]
[WhiteElo "2397"]
[BlackElo "2097"]
[PlyCount "81"]
[EventDate "2010.08.09"]
[SourceDate "2010.08.16"]

1. e4 c5 2. Nf3 d6 3. d4 cxd4 4. Nxd4 Nf6 5. Nc3 Nc6 6. Bg5 e6 7. Qd2 a6 8.
O-O-O h6 9. Be3 Be7 10. f3 Nxd4 11. Bxd4 b5 12. Kb1 Rb8 13. Ba7 Rb7 14. Be3 Qa5
15. g4 b4 16. Ne2 d5 17. e5 Nd7 18. f4 Nc5 19. Nc1 Bd7 20. h4 O-O 21. Bxc5 Bxc5
22. Bd3 Bb5 23. f5 Qc7 24. Rde1 Rc8 25. f6 Bf8 26. h5 Bxd3 27. Nxd3 gxf6 28.
exf6 Qc3 29. Qf2 Qc4 30. Ne5 Qc5 31. Qg2 Rbc7 32. Re2 d4 33. g5 Qd5 34. g6 Qxg2
35. gxf7+ Kh7 36. Rxg2 Rc5 37. Re1 R8c7 38. Reg1 Rxe5 39. Rg7+ Kh8 40. Rg8+ Kh7
41. R1g7+ 1-0

[Event "Tournoi des Jeunes Maitres"]
[Site "?"]
[Date "2010.08.16"]
[Round "9"]
[White "Dovzik, Juri"]
[Black "Stoeri, Simon"]
[Result "1/2-1/2"]
[WhiteElo "2381"]
[BlackElo "2058"]
[PlyCount "33"]
[EventDate "2010.08.09"]
[SourceDate "2010.08.16"]

1. e4 e5 2. Nf3 Nc6 3. Bb5 a6 4. Ba4 Nf6 5. O-O Be7 6. Re1 b5 7. Bb3 O-O 8. h3
Bb7 9. d3 d5 10. exd5 Nxd5 11. Nxe5 Nd4 12. Nf3 Nxb3 13. axb3 Nb4 14. Na3 Bf6
15. Bd2 c5 16. Rb1 Qd6 17. Be3 1/2-1/2

[Event "Tournoi des Jeunes Maitres"]
[Site "?"]
[Date "2010.08.16"]
[Round "9"]
[White "Okhotnik, Vladimir"]
[Black "de Seroux, Camille"]
[Result "1-0"]
[WhiteElo "2467"]
[BlackElo "2008"]
[PlyCount "67"]
[EventDate "2010.08.09"]
[SourceDate "2010.08.16"]

1. d4 Nf6 2. Nf3 g6 3. Nc3 d5 4. Bf4 Bg7 5. e3 O-O 6. h3 c6 7. Bd3 Nbd7 8. Bh2
Re8 9. O-O h6 10. Re1 Qb6 11. Rb1 Nh7 12. e4 dxe4 13. Nxe4 Nhf6 14. Ned2 c5 15.
c3 Nf8 16. Nc4 Qd8 17. dxc5 Ne6 18. c6 bxc6 19. Nce5 Qb6 20. Bc4 Nd5 21. Nxc6
Ndc7 22. Nce5 Ba6 23. Qe2 Bxc4 24. Qxc4 Qb5 25. Qxb5 Nxb5 26. Nxg6 fxg6 27.
Rxe6 Kf7 28. Ra6 Red8 29. Be5 Nd6 30. Bxg7 Kxg7 31. Nd4 Rd7 32. Re1 Rb8 33. b3
Kf7 34. Nc6 1-0

[Event "Tournoi des Jeunes Maitres"]
[Site "?"]
[Date "2010.08.16"]
[Round "9"]
[White "Meszaros, Gyula"]
[Black "Duport, Nicolas"]
[Result "1/2-1/2"]
[WhiteElo "2437"]
[BlackElo "2128"]
[PlyCount "62"]
[EventDate "2010.08.09"]
[SourceDate "2010.08.16"]

1. d4 b6 2. e4 Bb7 3. Bd3 e6 4. Nf3 c5 5. c3 Nf6 6. Qe2 Be7 7. O-O Nc6 8. a3
Na5 9. Nbd2 c4 10. Bc2 Qc7 11. Ne5 b5 12. f4 O-O 13. Ng4 Nxg4 14. Qxg4 Nb3 15.
Nxb3 cxb3 16. Bd3 Bxe4 17. Bxe4 f5 18. Qe2 fxe4 19. Qxe4 Bd6 20. Rf3 Rae8 21.
Bd2 Rf6 22. Raf1 Ref8 23. g3 a5 24. Kg2 Qc4 25. g4 Bc7 26. f5 d5 27. Qe1 exf5
28. Rxf5 Qc6 29. Rxf6 Rxf6 30. Rxf6 gxf6 31. Qe7 Qd6 1/2-1/2

[Event "Tournoi des Jeunes Maitres"]
[Site "?"]
[Date "2010.08.17"]
[Round "10"]
[White "Fabre, Mathias"]
[Black "Dovzik, Juri"]
[Result "1/2-1/2"]
[WhiteElo "2097"]
[BlackElo "2381"]
[PlyCount "40"]
[EventDate "2010.08.09"]
[SourceDate "2010.08.17"]

1. d4 d5 2. c4 c6 3. Nf3 Nf6 4. Nc3 a6 5. c5 Nbd7 6. Bf4 Nh5 7. e3 g6 8. Bd3
Bg7 9. Qc2 O-O 10. O-O Re8 11. b4 e5 12. dxe5 Nxe5 13. Nxe5 Bxe5 14. Bxe5 Rxe5
15. Ne2 Re8 16. Nd4 Qf6 17. a4 Bd7 18. Rab1 Nf4 19. Rb3 Ne6 20. Nf3 Rec8
1/2-1/2

[Event "Tournoi des Jeunes Maitres"]
[Site "?"]
[Date "2010.08.11"]
[Round "5"]
[White "Okhotnik, Vladimir"]
[Black "Bertola, Numa"]
[Result "1-0"]
[WhiteElo "2467"]
[BlackElo "2017"]
[PlyCount "73"]
[EventDate "2010.08.09"]
[SourceDate "2010.08.11"]

1. c4 Nf6 2. Nc3 e6 3. e4 d5 4. exd5 exd5 5. d4 Be7 6. cxd5 Nxd5 7. Bd3 Nc6 8.
Nf3 O-O 9. O-O Be6 10. Re1 Re8 11. a3 g6 12. Bb5 a6 13. Bxc6 Nxc3 14. bxc3 bxc6
15. Ne5 c5 16. Nc6 Qd6 17. Nxe7+ Rxe7 18. Bg5 Rd7 19. Qf3 Bd5 20. Qe3 cxd4 21.
Qxd4 Be6 22. Qh4 Rb8 23. h3 Rb5 24. c4 Rc5 25. Rab1 c6 26. Bf4 Rxc4 27. g3 Rxf4
28. gxf4 Kg7 29. Qg3 Qd3 30. Kh2 c5 31. Red1 Qf5 32. Rxd7 Qxb1 33. Rd8 Qf1 34.
Qc3+ Kh6 35. Qg3 c4 36. Rg8 Qd1 37. Qg5# 1-0

[Event "Tournoi des Jeunes Maitres"]
[Site "?"]
[Date "2010.08.17"]
[Round "10"]
[White "Bertola, Numa"]
[Black "Okhotnik, Vladimir"]
[Result "0-1"]
[WhiteElo "2467"]
[BlackElo "2017"]
[PlyCount "74"]
[EventDate "2010.08.09"]
[SourceDate "2010.08.17"]

1. e4 g6 2. d4 Bg7 3. Nf3 d6 4. Nc3 a6 5. a4 b6 6. Bc4 h6 7. O-O e6 8. Be3 Ne7
9. Qd2 Nd7 10. h3 Bb7 11. Nh2 Nf6 12. e5 dxe5 13. dxe5 Qxd2 14. Bxd2 Nfd5 15.
f4 Nxc3 16. Bxc3 Nf5 17. Rfe1 Bf8 18. Ng4 Bc5+ 19. Kh2 O-O-O 20. Bd3 h5 21. Nf6
Bf2 22. Rf1 Bg3+ 23. Kh1 Ne3 24. Rg1 Bf2 25. Ne4 Bxg1 26. Kxg1 Bxe4 27. Bxe4
Rd1+ 28. Rxd1 Nxd1 29. Kf1 Nxc3 30. bxc3 Rd8 31. Ke2 b5 32. axb5 a5 33. Bd3 Kb7
34. Kd2 Kb6 35. Kc1 h4 36. Kb2 Rg8 37. c4 g5 0-1

[Event "Tournoi des Jeunes Maitres"]
[Site "?"]
[Date "2010.08.17"]
[Round "10"]
[White "de Seroux, Camille"]
[Black "Hajnal, Zoltan"]
[Result "0-1"]
[WhiteElo "2008"]
[BlackElo "2397"]
[PlyCount "102"]
[EventDate "2010.08.09"]
[SourceDate "2010.08.17"]

1. e4 e5 2. Nf3 Nc6 3. d4 exd4 4. Nxd4 Nf6 5. Nxc6 bxc6 6. e5 Nd5 7. c4 Bb4+ 8.
Bd2 Bxd2+ 9. Qxd2 Ne7 10. Nc3 O-O 11. O-O-O Ng6 12. f4 f6 13. e6 d6 14. f5 Ne5
15. Be2 Qe7 16. g4 Bb7 17. Rhg1 Rad8 18. g5 g6 19. gxf6 Qxf6 20. Qh6 Rde8 21.
Rdf1 Qg7 22. Qh4 Qe7 23. Qh3 c5 24. Nd5 Bxd5 25. cxd5 Rf6 26. Bd3 Ref8 27. Rg3
Nxd3+ 28. Rxd3 Rxf5 29. Rdf3 Qg5+ 30. Kc2 Rxf3 31. Rxf3 Rxf3 32. Qxf3 Qf5+ 33.
Qxf5 gxf5 34. Kd3 Kf8 35. Ke3 Ke7 36. Kf4 c6 37. dxc6 Kxe6 38. h4 d5 39. c7 Kd7
40. Kxf5 Kxc7 41. Ke5 Kc6 42. h5 d4 43. Ke4 Kb5 44. Kd3 Kb4 45. h6 a5 46. Kd2
c4 47. Kc2 d3+ 48. Kd1 a4 49. Kd2 a3 50. Kc1 axb2+ 51. Kxb2 c3+ 0-1

[Event "Tournoi des Jeunes Maitres"]
[Site "?"]
[Date "2010.08.17"]
[Round "10"]
[White "Stoeri, Simon"]
[Black "Meszaros, Gyula"]
[Result "0-1"]
[WhiteElo "2058"]
[BlackElo "2437"]
[PlyCount "86"]
[EventDate "2010.08.09"]
[SourceDate "2010.08.17"]

1. e4 g6 2. d4 Bg7 3. Nc3 d6 4. Bg5 a6 5. Qd2 b5 6. a4 b4 7. Nce2 c5 8. c3 bxc3
9. bxc3 Qa5 10. Be3 Nf6 11. f3 O-O 12. Nc1 Nc6 13. Bc4 Rb8 14. Nge2 cxd4 15.
cxd4 d5 16. exd5 Nb4 17. Bf4 Nfxd5 18. Bxd5 e5 19. Be4 exf4 20. O-O g5 21. Nb3
Qd8 22. Rab1 Be6 23. Nc5 Bc4 24. d5 Bxe2 25. Rfc1 f5 26. Ne6 Qb6+ 27. Kh1 fxe4
28. Qxe2 exf3 29. Qxf3 Qe3 30. Rc7 Be5 31. Qh5 Qe4 32. Qxg5+ Kh8 33. Rbc1 Nxd5
34. Rxh7+ Kxh7 35. Qh5+ Kg8 36. Qg4+ Kh8 37. Qh5+ Qh7 38. Qxe5+ Nf6 39. Nxf8
Rxf8 40. h3 f3 41. Rc7 fxg2+ 42. Kxg2 Qg6+ 43. Kh2 Rg8 0-1

[Event "Tournoi des Jeunes Maitres"]
[Site "?"]
[Date "2010.08.17"]
[Round "10"]
[White "Duport, Nicolas"]
[Black "Peric, Slavisa"]
[Result "0-1"]
[WhiteElo "2215"]
[BlackElo "2128"]
[PlyCount "166"]
[EventDate "2010.08.09"]
[SourceDate "2010.08.17"]

1. d4 d5 2. c4 dxc4 3. Nf3 e6 4. e3 a6 5. a4 c5 6. Bxc4 Nf6 7. O-O Nc6 8. Qe2
Be7 9. Rd1 Qc7 10. Nc3 O-O 11. h3 Rd8 12. d5 exd5 13. Bxd5 Nb4 14. Bc4 Rxd1+
15. Qxd1 Bf5 16. Qe2 Rd8 17. e4 Bg6 18. Bg5 h6 19. Bd2 Nc2 20. Rc1 Nd4 21. Nxd4
Rxd4 22. Be3 Rd7 23. Qf3 Qe5 24. Ba2 Bxe4 25. Nxe4 Qxe4 26. Qxe4 Nxe4 27. Bb1
Nf6 28. Bf5 Rc7 29. Bf4 Rc6 30. a5 c4 31. Bd2 Bd6 32. Bc3 Rc5 33. g4 Nd5 34.
Bd4 Rc7 35. Rd1 Bf8 36. Be4 Nf4 37. Bb6 Re7 38. f3 Nxh3+ 39. Kg2 Ng5 40. Bd5
Re2+ 41. Kf1 Rxb2 42. Bxc4 Nxf3 43. Bd5 Nh2+ 44. Kg1 Nxg4 45. Bxb7 Bc5+ 46.
Bxc5 Rxb7 47. Rd8+ Kh7 48. Ra8 Rb5 49. Bb6 Ne5 50. Rxa6 Nc4 51. Bd8 Rb8 52. Bc7
Rc8 53. Ra7 Na3 54. Bb6 Nc4 55. Rxf7 Nxb6 56. axb6 Rc6 57. b7 Rb6 58. Rc7 Rb2
59. Kh1 Kg6 60. Kg1 Kf6 61. Rc6+ Kg5 62. Rc5+ Kh4 63. Rc4+ Kh5 64. Rc7 g5 65.
Rh7 g4 66. Kh1 Kg5 67. Rc7 Kh4 68. Kg1 h5 69. Rc2 Rxb7 70. Kg2 Rb5 71. Ra2 Kg5
72. Rc2 h4 73. Ra2 h3+ 74. Kh2 Kh4 75. Ra4 Rb2+ 76. Kg1 Re2 77. Rb4 Kg3 78.
Rb3+ Kf4 79. Rb4+ Re4 80. Rb1 g3 81. Ra1 Kg4 82. Rb1 h2+ 83. Kh1 Re2 0-1